| 000 | 00882nas a2200289 4500 | ||
|---|---|---|---|
| 001 | BR2015000281 | ||
| 003 | BR-BrBNA | ||
| 005 | 20231205124914.0 | ||
| 007 | ta | ||
| 008 | 230509b bl.|||p| |||| 00| 00por d | ||
| 040 |
_aBR-BrBNA _bpor _cBiblioteca Nacional de Agricultura |
||
| 041 | _a(Pt) | ||
| 072 | _aF60; P33; T01 | ||
| 100 | 1 | _aSeidel, C. | |
| 100 | 1 | _aRobaina, A.D. | |
| 100 | 1 | _aPeiter, M.X. | |
| 100 | 1 | _aFerraz, R.C. | |
| 100 | 1 | _aMassignam, A.M. | |
| 245 | 1 | _aCorrelação da qualidade da água com uso do solo e declividade no Arroio Doze Passos, Ouro, SC | |
| 650 | _aSOLO | ||
| 650 | _aQUALIDADE DA ÁGUA | ||
| 650 | _aPOLUIÇÃO | ||
| 650 | _aRECURSO HÍDRICO | ||
| 773 | 0 |
_tAgropecuária Catarinense (Brazil) _xISSN 0103-0779 _g(Jul-Oct 2014), v. 27(2) p. 62-69 _wBR2015000281 |
|
| 909 |
_a202311 _bLúcia _c55 _dLúcia Elande |
||
| 942 |
_2AGRIS _n0 _cANA |
||
| 999 |
_c241549 _d241549 |
||